Mens NCAA March Madness Bracket 2024 - Sweet 16 - Statistics

General Stats
  • This quiz has been taken 80 times
  • The average score is 13 of 16
Answer Stats
Hint Answer % Correct
1 Houston
97%
4 Duke
95%
1 Purdue
95%
1 UConn
95%
11 NC State
93%
4 Alabama
88%
2 Arizona
83%
6 Clemson
80%
1 North Carolina
80%
2 Marquette
78%
2 Tennessee
78%
5 Gonzaga
75%
2 Iowa St
73%
3 Creighton
72%
3 Illinois
70%
5 San Diego St
62%
No matching quizzes found
Score Distribution
Percent of People with Each Score
Percentile by Number Answered
Your Score History
You have not taken this quiz